Bệnh lao phổi

محفوظ في:
التفاصيل البيبلوغرافية
المؤلف الرئيسي: Gao, Bei Li
التنسيق: كتاب
اللغة:Undetermined
منشور في: Hà Nội Nhà xuất bản Hà Nội 2004
الموضوعات:
الوسوم: إضافة وسم
لا توجد وسوم, كن أول من يضع وسما على هذه التسجيلة!
Thư viện lưu trữ: Trung tâm Học liệu Trường Đại học Cần Thơ
LEADER 00546nam a2200193Ia 4500
001 CTU_95247
008 210402s9999 xx 000 0 und d
020 |c 17500 
082 |a 616.995 
082 |b L693 
100 |a Gao, Bei Li 
245 0 |a Bệnh lao phổi 
245 0 |c Gao Bei Li, Wei Wu ; Phan Hà Sơn dịch 
260 |a Hà Nội 
260 |b Nhà xuất bản Hà Nội 
260 |c 2004 
650 |a Tuberculosis,Lungs 
650 |x Diseases,Diseases 
980 |a Trung tâm Học liệu Trường Đại học Cần Thơ